• 首页
  • 本馆介绍
  • 公告通知
  • 最新文献
  • 馆藏检索
  • 电子资源
  • 读者导购
  • 参考咨询
  • 我的图书馆
  • 登录
  • 详细信息显示
  • 放入我的书架
  • 预约/预借图书
  • 作者相关作品
  • 分类相关作品
  • 丛书相关作品
  • 出版社相关作品

书目信息

  • 表格格式
  • 工作单格式
  • 卡片格式
题名:
青春期医学
    
 
作者: 张亨菊
分册:  
出版信息:   中国医药科技出版社  1998.09
页数: 197页
开本: 16开
丛书名:
单 册:
中图分类: R167
科图分类:
主题词: 个人卫生
电子资源:
ISBN: 978-7-5100-9629-7
000 00508nam0 2200181 45
001 9911301546
005 19991130154428.7
010    @a978-7-5100-9629-7@d20.00
100    @a19991130d1998 km y0chiy0120 ea
101    @achi
105    @a z 000yy
200 1  @a青春期医学@AQing Chun Qi Yi Xue@f张亨菊@FZhang Heng Ju
210    @c中国医药科技出版社@d1998.09
215    @a197页@c无图表@d16开
606 0  @a个人卫生
690    @aR167@v3
801    @aCN@bPerfectUser@c19991130
905    @aBZT@b68344-348@f5@dR167@e10
    
    青春期医学/张亨菊.-中国医药科技出版社,1998.09
    197页:无图表;16开
    
    
    ISBN 978-7-5100-9629-7:20.00
    
●
相关链接 在五车中查询图书 在当当中查询图书 在豆瓣中查询图书


正题名:青春期医学     索取号:R167/10         预约/预借

序号 登录号 条形码 馆藏地/架位号 状态 备注
1 68344   200186271   中心书库中库/ 中库001架B面7列4层17/ [索取号:R167/10] 在馆    
2 68345   200186253   中心书库中库/ 中库001架B面7列4层16/ [索取号:R167/10] 在馆    
3 68346   200186226   中心书库中库/ 中库001架B面7列4层19/ [索取号:R167/10] 在馆    
4 68347   200186235   中心书库中库/ 中库001架B面7列4层18/ [索取号:R167/10] 在馆    
5 68348   200186262   中心书库中库/ 中库001架B面7列4层15/ [索取号:R167/10] 在馆    
山东省滨州职业学院图书馆 欢迎您!
大连网信软件有限公司© 版权所有